000 00397nam a2200157 a 4500
005 20140414132141.0
008 140201s19uu xx 00 eng d
020 _a978058342591
050 _aREF 917.304
_bHo83 2011
100 _aHoward, Martin
245 _aWonders of the world.
260 _aChina :
_bIgloo Books,
_cc2011.
300 _a304
650 _aNatural history-
999 _c115352
_d115352